Russie de toujours (Record n. 102795)

Dettagli MARC
000 -LEADER
fixed length control field 01488njm a2200349Ia 4500
001 - CONTROL NUMBER
control field 24203
003 - CONTROL NUMBER IDENTIFIER
control field IT-RoPAU
005 - DATE AND TIME OF LATEST TRANSACTION
control field 20220918181158.0
008 - FIXED-LENGTH DATA ELEMENTS--GENERAL INFORMATION
fixed length control field 131025s9999 xx 000 0 und d
040 ## - CATALOGING SOURCE
Original cataloging agency IT-RoPAU
040 ## - CATALOGING SOURCE
Transcribing agency IT-RoPAU
999 ## - SYSTEM CONTROL NUMBERS (KOHA)
Koha Dewey Subclass [OBSOLETE] n.d.
100 ## - MAIN ENTRY--PERSONAL NAME
Personal name AA.VV.
9 (RLIN) 794
100 ## - MAIN ENTRY--PERSONAL NAME
Relator term Autore musica
9 (RLIN) 9568
100 ## - MAIN ENTRY--PERSONAL NAME
Miscellaneous information Codice autore musica SPICS: 12000
9 (RLIN) 796
245 ## - TITLE STATEMENT
Title Russie de toujours
250 ## - EDITION STATEMENT
Edition statement 1a ed.
260 ## - PUBLICATION, DISTRIBUTION, ETC. (IMPRINT)
Place of publication, distribution, etc. FRANCE
260 ## - PUBLICATION, DISTRIBUTION, ETC. (IMPRINT)
Name of publisher, distributor, etc. FONTANA
300 ## - PHYSICAL DESCRIPTION
Extent DISCO
300 ## - PHYSICAL DESCRIPTION
Dimensions 34 minuti (Testo: pag.)
500 ## - GENERAL NOTE
General note Musica strumentale. Arrangiamento
505 ## - FORMATTED CONTENTS NOTE
Formatted contents note Les deux guitares - Le sarafan rouge - Katioucha - Les yeux noirs - Les batelliers de la Volga - Kalinka - Le cocher de la troika - Evenings Bells "Les cloches du soir" - Stenka Razine - Bublitschki - Plaine, ma plaine (3:00) - Le temps du muguet (3:00)
511 ## - PARTICIPANT OR PERFORMER NOTE
Participant or performer note Paul Mauriat at son Grand Orchestre
650 ## - SUBJECT ADDED ENTRY--TOPICAL TERM
Topical term or geographic name as entry element STRUMENTALE [DISCHI]
Relator term Codice MATERIA SPICS: 9950
9 (RLIN) 828
700 ## - ADDED ENTRY--PERSONAL NAME
Personal name Mauriat Paul
Relator term Inteprete
Miscellaneous information Codice interprete SPICS: 8082
9 (RLIN) 9569
700 ## - ADDED ENTRY--PERSONAL NAME
Personal name Knipper L.
Relator term Autore musica
Miscellaneous information Codice autore musica SPICS: 16903
Name of part/section of a work Plaine, ma plaine
9 (RLIN) 9570
700 ## - ADDED ENTRY--PERSONAL NAME
Personal name Soloviev
Relator term Autore musica
Miscellaneous information Codice autore musica SPICS: 16147
Name of part/section of a work Le temps du muguet
9 (RLIN) 9571
700 ## - ADDED ENTRY--PERSONAL NAME
Personal name Lemarque Francis
Relator term Autore
Miscellaneous information Codice autore SPICS: 15558
Name of part/section of a work Le temps du muguet
9 (RLIN) 9572
700 ## - ADDED ENTRY--PERSONAL NAME
Personal name Sodoi
Relator term Autore testo/musica
Miscellaneous information Codice autore testo/musica SPICS: 27351
Name of part/section of a work Le temps du muguet
9 (RLIN) 9573
942 ## - ADDED ENTRY ELEMENTS (KOHA)
Koha item type DISCHI
Source of classification or shelving scheme Dewey Decimal Classification
Dati di copia
Withdrawn status Lost status Damaged status Not for loan Home library Current library Date acquired Total Checkouts Full call number Date last seen Price effective from Koha item type Public note
    Buone Condizioni Not For Loan SPICS-MEDIATECA SPICS-MEDIATECA 25/10/2013   24203 25/10/2013 25/10/2013 DISCHI Progr. Ins.: 5050 / N.Vol.: 1 / Copie: 1 - Copia rara: n.d. / date import: 01.01.2014 - By Epidotti, Trombetti, Vaglietti
CREDITS: SOCIETA' SAN PAOLO Via A.Severo, 58 - ROMA (RM) & PERIODICI SAN PAOLO SRL Via Giotto, 36 MILANO & CISF Via Giotto, 36 MILANO & EDIZIONI SAN PAOLO SRL,  Piazza Soncino, 5 CINISELLO BALSAMO (MI) -- ITALY